00760pam a2200241 a 4500999001500000001000500015003000900020005001700029008004100046020001500087040002800102082001600130100002200146245008000168250001200248260003100260300004500291500002000336650001500356700002100371942001200392952011400404 c4695d46954375BD-DhUAP20201117122633.0201117s1995 nyua 001 0 eng  a0471593869 aDLCcDLCdBD-DhUAPbEng00a540 BOD2231 aBodner, George M.10aChemistry, an experimental science /cGeorge M. Bodner and Harry L. Pardue. a2nd ed. aNew York :bWiley,cc1995. avarious pages :billustrations ;c26 cm. aIncludes index. 0aChemistry.1 aPardue, Harry L. 2ddccBK 00102ddc4070aUAPCLbUAPCLcGeneral Stacksd2020-11-17o540 BODp3010004375r2020-11-17t1w2020-11-17yBK